000 02536cam a2200301 4500500
005 20251228060115.0
041 _afre
042 _adc
100 1 0 _aNezelof, Sylvie
_eauthor
700 1 0 _aRopers, Géraldine
_eauthor
700 1 0 _aDuquet, Anne
_eauthor
245 0 0 _aSoins psychiques en périnatalité. Qui demande quoi ? À qui ? Et pourquoi ?
260 _c2005.
500 _a54
520 _aRésumé La clinique périnatale est par essence pluridisciplinaire. Cette pluridisciplinarité conjuguée au soutien familial et social constitue le contenant émotionnel coutumier et le plus souvent suffisant pour les grossesses ordinaires. Le spécialiste psy peut néanmoins soutenir l’engagement émotionnel des professionnels en veillant à la continuité et à la cohérence de leur intervention. Il peut par ailleurs cibler son intervention sur des situations à risque affectant les mères (pathologies psychiatriques antérieures à la grossesse, survenue d’événements de vie traumatiques, éclosion de pathologies psychiatriques puerpérales...) ou d’affections menaçant les bébés (maladie ou malformation fœtale, prématurité, handicap...) dans une perspective curative mais aussi préventive concernant le développement psychoaffectif de l’enfant
520 _aThe prenatal clinic is essentially multi-field. This multidisciplinary system combined with the family and the social support constitutes the usual and mostly sufficient, emotional container for normal pregnancies. Nevertheless, the psychological specialist can support the emotional commitment of the professionals by monitoring the continuity and the coherence of their action. In addition, when encountering situations where the mother or the babies may be at risks (psychiatric disorders former to the pregnancy traumatic life event, blossoming of puerperal psychiatric disorders.... for the mother and disease or foetal malformation, prematurity, handicap... for the baby), he then can target his intervention.
690 _acollaborations médicopsychologiques
690 _agrossesse
690 _amaternité
690 _anéonatologie
690 _apathologies puerpérales
690 _apérinatalité
690 _aprévention
690 _aprenatal multidisciplinary system
690 _apuerperal psychiatric disorders
786 0 _nEnfances & Psy | 30 | 1 | 2005-12-01 | p. 20-28 | 1286-5559
856 4 1 _uhttps://shs.cairn.info/revue-enfances-et-psy-2006-1-page-20?lang=fr&redirect-ssocas=7080
999 _c1586984
_d1586984